Middle school, the worst years of my life / (Record no. 77351)
[ view plain ]
| 000 -LEADER | |
|---|---|
| fixed length control field | 01483nam a22003978a 4500 |
| 001 - CONTROL NUMBER | |
| control field | BK0009428029 |
| 003 - CONTROL NUMBER IDENTIFIER | |
| control field | DLC |
| 005 - DATE AND TIME OF LATEST TRANSACTION | |
| control field | 20241220130828.0 |
| 008 - FIXED-LENGTH DATA ELEMENTS--GENERAL INFORMATION | |
| fixed length control field | 100619s2011 nyu c 000 1 eng |
| 010 ## - LIBRARY OF CONGRESS CONTROL NUMBER | |
| LC control number | 2010022852 |
| 020 ## - INTERNATIONAL STANDARD BOOK NUMBER | |
| International Standard Book Number | 9780316101875 : HRD |
| Terms of availability | $15.99 |
| 020 ## - INTERNATIONAL STANDARD BOOK NUMBER | |
| International Standard Book Number | 0316101877 : HRD |
| Terms of availability | $15.99 |
| 037 ## - SOURCE OF ACQUISITION | |
| Source of stock number/acquisition | Little Brown & Co, 3 Center Plaza 3rd Floor, Boston, MA, USA, 02108-2003 |
| Note | SAN 200-2205 |
| 040 ## - CATALOGING SOURCE | |
| Original cataloging agency | DLC |
| Transcribing agency | DLC |
| 050 00 - LIBRARY OF CONGRESS CALL NUMBER | |
| Classification number | PZ7.P27653 |
| Item number | Mi 2011 |
| 082 00 - DEWEY DECIMAL CLASSIFICATION NUMBER | |
| Classification number | [Fic] |
| Edition number | 22 |
| 092 ## - LOCALLY ASSIGNED DEWEY CALL NUMBER (OCLC) | |
| Classification number | FIC |
| 092 ## - LOCALLY ASSIGNED DEWEY CALL NUMBER (OCLC) | |
| Classification number | PATTERSON |
| 100 1# - MAIN ENTRY--PERSONAL NAME | |
| Personal name | Patterson, James, |
| Dates associated with a name | 1947- |
| 9 (RLIN) | 5694 |
| 245 10 - TITLE STATEMENT | |
| Title | Middle school, the worst years of my life / |
| Remainder of title | The Worst Years of My Life |
| Statement of responsibility, etc | James Patterson and Chris Tebbetts ; illustrated by Laura Park. |
| 250 ## - EDITION STATEMENT | |
| Edition statement | 1st ed. |
| 260 ## - PUBLICATION, DISTRIBUTION, ETC. (IMPRINT) | |
| Place of publication, distribution, etc | New York : |
| Name of publisher, distributor, etc | Little, Brown, |
| Date of publication, distribution, etc | 2011. |
| 263 ## - PROJECTED PUBLICATION DATE | |
| Projected publication date | 1105 |
| 300 ## - PHYSICAL DESCRIPTION | |
| Extent | p. cm. |
| 520 ## - SUMMARY, ETC. | |
| Summary, etc | When Rafe Kane enters middle school, he teams up with his best friend, "Leo the Silent," to create a game to make school more fun by trying to break every rule in the school's code of conduct. |
| 650 #1 - SUBJECT ADDED ENTRY--TOPICAL TERM | |
| Topical term or geographic name as entry element | Behavior |
| Form subdivision | Fiction. |
| 9 (RLIN) | 5673643 |
| 650 #1 - SUBJECT ADDED ENTRY--TOPICAL TERM | |
| Topical term or geographic name as entry element | Middle schools |
| Form subdivision | Fiction. |
| 9 (RLIN) | 5675986 |
| 650 #1 - SUBJECT ADDED ENTRY--TOPICAL TERM | |
| Topical term or geographic name as entry element | Schools |
| Form subdivision | Fiction. |
| 9 (RLIN) | 5673727 |
| 650 #1 - SUBJECT ADDED ENTRY--TOPICAL TERM | |
| Topical term or geographic name as entry element | Emotional problems |
| Form subdivision | Fiction. |
| 9 (RLIN) | 5675744 |
| 650 #1 - SUBJECT ADDED ENTRY--TOPICAL TERM | |
| Topical term or geographic name as entry element | Family problems |
| Form subdivision | Fiction. |
| 9 (RLIN) | 5678589 |
| 650 #1 - SUBJECT ADDED ENTRY--TOPICAL TERM | |
| Topical term or geographic name as entry element | Grief |
| Form subdivision | Fiction. |
| 9 (RLIN) | 5681242 |
| 700 1# - ADDED ENTRY--PERSONAL NAME | |
| Personal name | Tebbetts, Christopher. |
| 9 (RLIN) | 50532 |
| 700 1# - ADDED ENTRY--PERSONAL NAME | |
| Personal name | Park, Laura, |
| Dates associated with a name | 1980- |
| Relator term | ill. |
| 9 (RLIN) | 5876299 |
| 942 ## - ADDED ENTRY ELEMENTS (KOHA) | |
| Koha item type | BOOK |
| 998 ## - LOCAL CONTROL INFORMATION (RLIN) | |
| -- | a143754 |
| Withdrawn status | Lost status | Source of classification or shelving scheme | Damaged status | Not for loan | Collection code | Home library | Current library | Shelving location | Date acquired | Serial Enumeration / chronology | Total Checkouts | Total Renewals | Full call number | Barcode | Date last seen | Date checked out | Cost, replacement price | Price effective from | Koha item type |
|---|---|---|---|---|---|---|---|---|---|---|---|---|---|---|---|---|---|---|---|
| Dewey Decimal Classification | Junior Fiction | Wasatch County Library | Wasatch County Library | Main Floor Junior Area | 09/15/2016 | #1 Middle School | 41 | 18 | J Patterson | 34301001328352 | 03/03/2026 | 02/17/2026 | 13.99 | 03/20/2020 | BOOK |
